000
00288nam a22001217a 4500
003
OSt
005
20250708114559.0
008
250708b |||||||| |||| 00| 0 eng d
040
_c
DLC
082
_a
305.4096
_b
REV
245
_a
African Women Liberation, A Man's Perspective
942
_2
ddc
_c
BK
999
_c
4120
_d
4120